=LDR 00000nam 2200000 4500 =001 INLIS000000000052228 =005 20200310075010 =035 ##$$a 0010-0118000416 =007 ta =008 200310################g##########0#ind## =020 ##$$a 978-602-7929-08-1 =082 ##$$a 297.541 =084 ##$$a 297.541 NUR d =100 #$$a Nur Faizin Muhits =245 1#$$a Do'a do'a dahsyat pelancar bisnis dan usaha /$c H.Nur Faizin Muhits, M.A. =260 ##$$a Surakarta :$b Ziyad Books,$c 2013 =300 ##$$a 186 hlm : $b ilus ; $c 20 X 13 cm =650 #4$$a Do'a =504 ##$$a Bibliografi : hlm. 184-185 =250 ##$$a cet.1 =990 ##$$a 21705895 =990 ##$$a 21705894 =990 ##$$a 21705893 =990 ##$$a 21705892 =990 ##$$a 21705891